[Event "Ulan-Ude op"]
[Site "Ulan-Ude"]
[Date "2012.07.28"]
[Round "6"]
[White "Rodionov, Yuri"]
[Black "Angarov, Dmitriy"]
[Result "1-0"]
[WhiteElo "2154"]
[BlackElo "1912"]
[PlyCount "47"]
[EventDate "2012.07.24"]
[EventType "swiss"]
[EventRounds "9"]
[EventCountry "RUS"]
[SourceTitle "EXT 2013"]
[Source "ChessBase"]
[SourceDate "2012.11.22"]
[SourceVersion "1"]
[SourceVersionDate "2012.11.22"]
[SourceQuality "1"]

1. e4 c5 2. c3 e5 3. Nf3 Nc6 4. Bb5 Qc7 5. d4 exd4 6. 0-0 a6 7. Bc4 Ne5 8. Nxe5 Qxe5 9. cxd4 cxd4 10. Qb3 Qf6 11. e5 Qf5 12. Nd2 d6 13. Nf3 dxe5 14. Nxe5 Qxe5 15. Bxf7+ Kd8 16. Bxg8 Bd6 17. g3 Qb5 18. Qf7 Bd7 19. Qxg7 Be5 20. Bg5+ Kc7 21. Bf6 Rhxg8 22. Rac1+ Kb6 23. Bxe5 Rxg7 24. Bxd4+ 1-0

[Event "Ulan-Ude op"]
[Site "Ulan-Ude"]
[Date "2012.07.26"]
[Round "4"]
[White "Samdanov, Samdan"]
[Black "Angarov, Dmitriy"]
[Result "1-0"]
[WhiteElo "2166"]
[BlackElo "1912"]
[PlyCount "67"]
[EventDate "2012.07.24"]
[EventType "swiss"]
[EventRounds "9"]
[EventCountry "RUS"]
[SourceTitle "EXT 2013"]
[Source "ChessBase"]
[SourceDate "2012.11.22"]
[SourceVersion "1"]
[SourceVersionDate "2012.11.22"]
[SourceQuality "1"]

1. d4 Nf6 2. c4 e6 3. Nc3 Bb4 4. Qc2 0-0 5. a3 Bxc3+ 6. Qxc3 b6 7. Bg5 Bb7 8. e3 h6 9. Bh4 d6 10. Ne2 Nbd7 11. Qc2 Qe7 12. Nc3 e5 13. d5 c6 14. dxc6 Bxc6 15. Rd1 Qe6 16. Qd2 Ne8 17. f3 f5 18. Be2 g5 19. Bf2 Ndf6 20. h3 Rd8 21. Nd5 Qf7 22. Qc2 Nxd5 23. cxd5 Bb7 24. g4 e4 25. fxe4 fxe4 26. 0-0 Nf6 27. Be1 Rc8 28. Bc3 Qe7 29. Qa4 Rxc3 30. bxc3 Qe5 31. Kg2 Rc8 32. Qxa7 Nxd5 33. Qxb7 Nxe3+ 34. Kh1 1-0

[Event "Ulan-Ude VIII festival Baikal"]
[Site "Ulan-Ude"]
[Date "2012.07.01"]
[Round "9.7"]
[White "Snetkov, Ivan"]
[Black "Angarov, Dmitriy"]
[Result "1-0"]
[WhiteElo "1757"]
[BlackElo "1895"]
[PlyCount "97"]
[EventDate "2012.06.26"]
[EventType "swiss"]
[EventRounds "9"]
[EventCountry "RUS"]
[SourceTitle "EXT 2022"]
[Source "ChessBase"]
[SourceDate "2021.10.06"]
[SourceVersion "1"]
[SourceVersionDate "2021.10.06"]
[SourceQuality "1"]

1. e4 c5 2. Nf3 Nc6 3. d4 cxd4 4. Nxd4 e5 5. Nb5 d6 6. N1c3 a6 7. Na3 Be7 8. Nc4 b5 9. Ne3 Nf6 10. g3 0-0 11. Bg2 Be6 12. 0-0 Rc8 13. Ncd5 Nb8 14. a4 Nxd5 15. Nxd5 Bxd5 16. Qxd5 Rxc2 17. axb5 Rc5 18. Qd3 Rxb5 19. Rxa6 Rb4 20. Ra8 Qc7 21. Qa3 Nc6 22. Rxf8+ Bxf8 23. Bd2 Rc4 24. b4 Nd4 25. Rb1 Qc6 26. Qa5 Qb7 27. b5 Rc8 28. b6 Rb8 29. Qd5 Be7 30. Ba5 Nc6 31. Bc3 Bd8 32. Qxd6 Bxb6 33. Bf1 Rd8 34. Qc5 Bxc5 35. Rxb7 Nd4 36. Bc4 Rf8 37. Kg2 g6 38. Bd2 Kg7 39. h4 h6 40. Rc7 Bd6 41. Rd7 Bc5 42. Ba5 Nc6 43. Bc7 Bd4 44. Bd6 Rd8 45. Rxf7+ Kh8 46. Bf8 h5 47. Bg7+ Kg8 48. Rc7+ Kh7 49. Bf6+ 1-0